[Event "SVK-chT3B2 2122"]
[Site "Slovakia"]
[Date "2022.04.10"]
[Round "8.7"]
[White "Pis, Jozef"]
[Black "Kysucky, Tomas"]
[Result "1/2-1/2"]
[WhiteElo "1386"]
[BlackElo "1000"]
[PlyCount "73"]
[EventDate "2021.10.24"]
[EventType "team-tourn"]
[EventRounds "11"]
[EventCountry "SVK"]
[SourceTitle "EXT 2024"]
[Source "ChessBase"]
[SourceDate "2023.10.10"]
[SourceVersion "1"]
[SourceVersionDate "2023.10.10"]
[SourceQuality "1"]
[WhiteTeam "Bojnice"]
[BlackTeam "Puchov Vcielka"]
[WhiteTeamCountry "SVK"]
[BlackTeamCountry "SVK"]

1. d4 e5 2. dxe5 f6 3. exf6 Nc6 4. fxg7 Bxg7 5. Nf3 d6 6. Nc3 Bf5 7. Bg5 Nge7 8. e3 Qd7 9. Bb5 0-0-0 10. Bxc6 Qxc6 11. Bxe7 Rde8 12. Bg5 Rhf8 13. Qd2 Qb6 14. 0-0-0 Be6 15. b3 Qa5 16. Na4 Qa6 17. Kb1 Bd7 18. Nc3 Qa5 19. Nd5 Qa3 20. c4 Bf5+ 21. Qc2 Bxc2+ 22. Kxc2 Qxa2+ 23. Kd3 Qxb3+ 24. Ke2 Qxc4+ 25. Rd3 Rf5 26. Ne7+ Rxe7 27. Bxe7 Rd5 28. Rhd1 Rxd3 29. Rxd3 a5 30. Nd2 Qg4+ 31. Nf3 c5 32. Rxd6 Qc4+ 33. Rd3 Bc3 34. Nd2 Bxd2 35. Kxd2 Qb4+ 36. Rc3 a4 37. Bxc5 1/2-1/2

[Event "SVK-chT3B2 2122"]
[Site "Slovakia"]
[Date "2022.03.13"]
[Round "6.4"]
[White "Kysucky, Tomas"]
[Black "Hlinka, Miroslav"]
[Result "0-1"]
[WhiteElo "1000"]
[BlackElo "1991"]
[PlyCount "74"]
[EventDate "2021.10.24"]
[EventType "team-tourn"]
[EventRounds "11"]
[EventCountry "SVK"]
[SourceTitle "EXT 2024"]
[Source "ChessBase"]
[SourceDate "2023.10.10"]
[SourceVersion "1"]
[SourceVersionDate "2023.10.10"]
[SourceQuality "1"]
[WhiteTeam "Puchov Vcielka"]
[BlackTeam "Nemsova Horne Srnie"]
[WhiteTeamCountry "SVK"]
[BlackTeamCountry "SVK"]

1. e4 c5 2. Nf3 Nc6 3. Bc4 e6 4. b3 d5 5. exd5 exd5 6. Bb5 Be7 7. 0-0 Nf6 8. Bb2 Bd7 9. d3 0-0 10. Bxc6 Bxc6 11. Nbd2 Qc7 12. Re1 Rfe8 13. Nf1 d4 14. c3 dxc3 15. Bxc3 Nd5 16. Bb2 Rad8 17. Ne3 Nf4 18. Be5 Bd6 19. Bxd6 Qxd6 20. Nf5 Qg6 21. Ng3 Rxe1+ 22. Qxe1 Bxf3 23. Qe3 Ne2+ 24. Kf1 Nxg3+ 25. Ke1 Bxg2 26. hxg3 Qxd3 27. Qxd3 Rxd3 28. Rc1 b6 29. Ke2 Rd6 30. Re1 Re6+ 31. Kd2 Rxe1 32. Kxe1 f5 33. Kd2 g5 34. Ke3 Bd5 35. f4 h6 36. fxg5 hxg5 37. Kf2 Kg7 0-1